[Event "1st 4NCL Easter Congress"]
[Site "Stevenage"]
[Date "2019.04.21"]
[Round "5"]
[Board "18"]
[White "Vaidya, Raghav"]
[Black "Cocks, Elliot"]
[Result "0-1"]
[WhiteElo "1438"]
[BlackElo "1944"]
[PlyCount "0"]
[EventDate "2019.04.19"]
[EventRounds "7"]
[EventCountry "ENG"]

1. e4 {[%clk 01:24:52]} {[%emt 00:06:07]} c5 {[%clk 01:30:46]} {[%emt
00:00:14]} 2. c3 {[%clk 01:25:13]} {[%emt 00:00:10]} Nf6 {[%clk 01:29:56]}
{[%emt 00:01:19]} 3. e5 {[%clk 01:23:50]} {[%emt 00:01:54]} Nd5 {[%clk
01:30:21]} {[%emt 00:00:05]} 4. d4 {[%clk 01:23:34]} {[%emt 00:00:47]} cxd4
{[%clk 01:30:44]} {[%emt 00:00:06]} 5. cxd4 {[%clk 01:23:31]} {[%emt 00:00:32]}
d6 {[%clk 01:31:02]} {[%emt 00:00:13]} 6. Nf3 {[%clk 01:20:59]} {[%emt
00:03:01]} Nc6 {[%clk 01:31:25]} {[%emt 00:00:08]} 7. exd6 {[%clk 01:18:19]}
{[%emt 00:03:11]} Qxd6 {[%clk 01:31:18]} {[%emt 00:00:36]} 8. Nc3 {[%clk
01:13:52]} {[%emt 00:04:51]} Bg4 {[%clk 01:25:58]} {[%emt 00:05:55]} 9. Be2
{[%clk 01:11:11]} {[%emt 00:03:12]} e6 {[%clk 01:25:50]} {[%emt 00:00:38]} 10.
O-O {[%clk 01:09:17]} {[%emt 00:02:23]} Be7 {[%clk 01:25:17]} {[%emt 00:01:03]}
11. Nxd5 {[%clk 00:51:44]} {[%emt 00:18:05]} Qxd5 {[%clk 01:24:16]} {[%emt
00:01:30]} 12. Be3 {[%clk 00:51:42]} {[%emt 00:00:31]} O-O {[%clk 01:23:54]}
{[%emt 00:00:53]} 13. h3 {[%clk 00:47:09]} {[%emt 00:05:03]} Bh5 {[%clk
01:23:36]} {[%emt 00:00:48]} 14. Qd2 {[%clk 00:39:37]} {[%emt 00:07:58]} Rfd8
{[%clk 01:21:38]} {[%emt 00:02:30]} 15. Rfd1 {[%clk 00:37:41]} {[%emt
00:02:22]} Rac8 {[%clk 01:21:12]} {[%emt 00:01:01]} 16. a3 {[%clk 00:30:01]}
{[%emt 00:08:12]} Na5 {[%clk 01:18:48]} {[%emt 00:02:53]} 17. Rab1 {[%clk
00:28:06]} {[%emt 00:02:25]} Nb3 {[%clk 01:17:41]} {[%emt 00:01:37]} 18. Qe1
{[%clk 00:27:42]} {[%emt 00:00:54]} a6 {[%clk 01:11:20]} {[%emt 00:06:51]} 19.
Ne5 {[%clk 00:24:47]} {[%emt 00:03:25]} Bxe2 {[%clk 01:10:39]} {[%emt
00:01:12]} 20. Qxe2 {[%clk 00:24:37]} {[%emt 00:00:39]} Bf6 {[%clk 01:10:46]}
{[%emt 00:00:24]} 21. Nf3 {[%clk 00:22:38]} {[%emt 00:02:27]} h6 {[%clk
01:08:34]} {[%emt 00:02:43]} 22. Rd3 {[%clk 00:14:23]} {[%emt 00:08:40]} a5
{[%clk 01:00:42]} {[%emt 00:08:28]} 23. Rbd1 {[%clk 00:12:16]} {[%emt
00:02:15]} a4 {[%clk 00:56:47]} {[%emt 00:04:47]} 24. Bf4 {[%clk 00:04:23]}
{[%emt 00:08:03]} Rc4 {[%clk 00:53:10]} {[%emt 00:04:27]} 25. Rc3 {[%clk
00:02:21]} {[%emt 00:02:29]} Nxd4 {[%clk 00:45:35]} {[%emt 00:08:08]} 26. Nxd4
{[%clk 00:01:41]} {[%emt 00:01:10]} Rxd4 {[%clk 00:45:46]} {[%emt 00:00:19]} 27.
Rxd4 {[%clk 00:00:57]} {[%emt 00:01:14]} Bxd4 {[%clk 00:46:03]} {[%emt
00:00:13]} 28. Rc2 {[%clk 00:01:11]} {[%emt 00:00:12]} e5 {[%clk 00:45:50]}
{[%emt 00:00:46]} 29. Be3 {[%clk 00:01:20]} {[%emt 00:00:22]} Bxe3 {[%clk
00:44:34]} {[%emt 00:01:46]} 30. fxe3 {[%clk 00:01:46]} {[%emt 00:00:04]} b5
{[%clk 00:44:18]} {[%emt 00:00:45]} 31. Kf2 {[%clk 00:01:41]} {[%emt 00:00:20]}
e4 {[%clk 00:44:15]} {[%emt 00:00:49]} 32. Ke1 {[%clk 00:01:41]} {[%emt
00:00:31]} Kf8 {[%clk 00:44:06]} {[%emt 00:00:38]} 33. Rd2 {[%clk 00:01:47]}
{[%emt 00:00:25]} Qxd2+ {[%clk 00:43:56]} {[%emt 00:00:39]} 34. Qxd2 {[%clk
00:02:13]} {[%emt 00:00:04]} Rxd2 {[%clk 00:44:23]} {[%emt 00:00:04]} 35. Kxd2
{[%clk 00:02:38]} {[%emt 00:00:04]} Ke7 {[%clk 00:44:50]} {[%emt 00:00:03]} 36.
Kc3 {[%clk 00:02:42]} {[%emt 00:00:26]} Kd6 {[%clk 00:44:51]} {[%emt 00:00:28]}
37. Kd4 {[%clk 00:02:15]} {[%emt 00:00:58]} f5 {[%clk 00:45:16]} {[%emt
00:00:05]} 38. g4 {[%clk 00:01:49]} {[%emt 00:00:56]} g6 {[%clk 00:45:13]}
{[%emt 00:00:32]} 39. gxf5 {[%clk 00:01:56]} {[%emt 00:00:23]} gxf5 {[%clk
00:45:38]} {[%emt 00:00:06]} 40. h4 {[%clk 00:02:15]} {[%emt 00:00:11]} h5
{[%clk 00:45:38]} {[%emt 00:00:30]} 41. Kc3 {[%clk 00:02:22]} {[%emt 00:00:22]}
Ke5 {[%clk 00:45:48]} {[%emt 00:00:21]} 42. Kd2 {[%clk 00:02:38]} {[%emt
00:00:14]} f4 {[%clk 00:46:13]} {[%emt 00:00:06]} 43. Ke2 {[%clk 00:02:40]}
{[%emt 00:00:25]} f3+ {[%clk 00:46:29]} {[%emt 00:00:16]} 44. Kf2 {[%clk
00:02:49]} {[%emt 00:00:20]} Kd5 {[%clk 00:46:54]}  0-1

[Event "1st 4NCL Easter Congress"]
[Site "Stevenage"]
[Date "2019.04.21"]
[Round "5"]
[Board "19"]
[White "Garnett, John S"]
[Black "Jaufarally, Nadia"]
[Result "0-1"]
[WhiteElo "1921"]
[BlackElo "1859"]
[PlyCount "0"]
[EventDate "2019.04.19"]
[EventRounds "7"]
[EventCountry "ENG"]

1. d4 {[%clk 01:30:58]} {[%emt 00:00:02]} Nf6 {[%clk 01:30:54]} {[%emt
00:00:06]} 2. Bg5 {[%clk 01:31:22]} {[%emt 00:00:06]} d5 {[%clk 01:31:14]}
{[%emt 00:00:10]} 3. e3 {[%clk 01:31:41]} {[%emt 00:00:11]} c5 {[%clk
01:31:32]} {[%emt 00:00:12]} 4. Bxf6 {[%clk 01:31:52]} {[%emt 00:00:18]} gxf6
{[%clk 01:31:56]} {[%emt 00:00:06]} 5. c4 {[%clk 01:32:04]} {[%emt 00:00:19]}
dxc4 {[%clk 01:32:02]} {[%emt 00:00:25]} 6. Bxc4 {[%clk 01:32:22]} {[%emt
00:00:11]} cxd4 {[%clk 01:32:18]} {[%emt 00:00:14]} 7. Nc3 {[%clk 01:32:28]}
{[%emt 00:00:25]} Nc6 {[%clk 01:32:29]} {[%emt 00:00:18]} 8. Qh5 {[%clk
01:32:32]} {[%emt 00:00:25]} e6 {[%clk 01:32:47]} {[%emt 00:00:12]} 9. O-O-O
{[%clk 01:32:39]} {[%emt 00:00:24]} Qa5 {[%clk 01:33:00]} {[%emt 00:00:17]} 10.
Bb5 {[%clk 01:31:51]} {[%emt 00:01:18]} Bd7 {[%clk 01:24:28]} {[%emt 00:09:03]}
11. Rxd4 {[%clk 01:30:20]} {[%emt 00:02:01]} O-O-O {[%clk 01:14:27]} {[%emt
00:10:30]} 12. Ra4 {[%clk 01:23:44]} {[%emt 00:07:06]} Qc7 {[%clk 01:08:10]}
{[%emt 00:06:47]} 13. Nf3 {[%clk 01:16:20]} {[%emt 00:07:54]} a6 {[%clk
01:06:01]} {[%emt 00:02:40]} 14. Bxc6 {[%clk 01:13:59]} {[%emt 00:02:50]} Bxc6
{[%clk 01:06:12]} {[%emt 00:00:19]} 15. Rd4 {[%clk 01:12:55]} {[%emt 00:01:34]}
Ba3 {[%clk 00:41:40]} {[%emt 00:25:02]} 16. Kb1 {[%clk 01:08:48]} {[%emt
00:04:37]} Qb6 {[%clk 00:31:58]} {[%emt 00:10:12]} 17. b3 {[%clk 01:07:13]}
{[%emt 00:02:05]} Bxf3 {[%clk 00:24:42]} {[%emt 00:07:46]} 18. Rxd8+ {[%clk
01:05:27]} {[%emt 00:02:16]} Qxd8 {[%clk 00:24:30]} {[%emt 00:00:42]}  0-1

[Event "1st 4NCL Easter Congress"]
[Site "Stevenage"]
[Date "2019.04.21"]
[Round "5"]
[Board "20"]
[White "Simpson, Derek"]
[Black "Verma, Shlok"]
[Result "0-1"]
[WhiteElo "1668"]
[BlackElo "1696"]
[PlyCount "0"]
[EventDate "2019.04.19"]
[EventRounds "7"]
[EventCountry "ENG"]

1. e4 {[%clk 01:30:58]} e6 {[%clk 01:29:43]} {[%emt 00:01:18]} 2. d3 {[%clk
01:31:20]} {[%emt 00:00:07]} d5 {[%clk 01:29:47]} {[%emt 00:00:27]} 3. Nd2
{[%clk 01:31:47]} {[%emt 00:00:03]} c5 {[%clk 01:30:10]} {[%emt 00:00:07]} 4.
g3 {[%clk 01:31:02]} {[%emt 00:01:15]} Nc6 {[%clk 01:30:10]} {[%emt 00:00:29]}
5. Bg2 {[%clk 01:30:55]} {[%emt 00:00:36]} g6 {[%clk 01:29:24]} {[%emt
00:01:18]} 6. f4 {[%clk 01:30:59]} {[%emt 00:00:26]} Bg7 {[%clk 01:29:36]}
{[%emt 00:00:18]} 7. c3 {[%clk 01:31:22]} {[%emt 00:00:07]} Nge7 {[%clk
01:29:55]} {[%emt 00:00:11]} 8. Ngf3 {[%clk 01:31:28]} {[%emt 00:00:23]} O-O
{[%clk 01:29:57]} {[%emt 00:00:29]} 9. O-O {[%clk 01:31:54]} {[%emt 00:00:04]}
b6 {[%clk 01:30:21]} {[%emt 00:00:06]} 10. Re1 {[%clk 01:32:04]} {[%emt
00:00:20]} Bb7 {[%clk 01:29:53]} {[%emt 00:00:58]} 11. e5 {[%clk 01:27:04]}
{[%emt 00:05:30]} Rb8 {[%clk 01:27:26]} {[%emt 00:02:56]} 12. a3 {[%clk
01:24:43]} {[%emt 00:02:52]} b5 {[%clk 01:25:53]} {[%emt 00:02:04]} 13. Nb3
{[%clk 01:23:54]} {[%emt 00:01:19]} c4 {[%clk 01:25:03]} {[%emt 00:01:19]} 14.
Nbd4 {[%clk 01:24:18]} {[%emt 00:00:06]} a6 {[%clk 01:24:46]} {[%emt 00:00:47]}
15. Be3 {[%clk 01:23:00]} {[%emt 00:01:48]} Nxd4 {[%clk 01:23:05]} {[%emt
00:02:10]} 16. Nxd4 {[%clk 01:23:23]} {[%emt 00:00:08]} Nc6 {[%clk 01:23:13]}
{[%emt 00:00:21]} 17. Nxc6 {[%clk 01:21:33]} {[%emt 00:02:20]} Bxc6 {[%clk
01:23:13]} {[%emt 00:00:31]} 18. Bc5 {[%clk 01:22:01]} {[%emt 00:00:02]} Re8
{[%clk 01:23:26]} {[%emt 00:00:16]} 19. d4 {[%clk 01:22:30]} {[%emt 00:00:02]}
Bf8 {[%clk 01:23:47]} {[%emt 00:00:09]} 20. Bxf8 {[%clk 01:21:28]} {[%emt
00:01:33]} Rxf8 {[%clk 01:24:08]} {[%emt 00:00:08]} 21. Qd2 {[%clk 01:16:14]}
{[%emt 00:05:44]} Qb6 {[%clk 01:24:01]} {[%emt 00:00:37]} 22. g4 {[%clk
01:16:10]} {[%emt 00:00:34]} Bd7 {[%clk 01:22:58]} {[%emt 00:01:33]} 23. g5
{[%clk 01:16:23]} {[%emt 00:00:17]} a5 {[%clk 01:21:08]} {[%emt 00:02:21]} 24.
h4 {[%clk 01:16:17]} {[%emt 00:00:34]} b4 {[%clk 01:21:03]} {[%emt 00:00:36]}
25. axb4 {[%clk 01:16:12]} {[%emt 00:00:35]} axb4 {[%clk 01:21:24]} {[%emt
00:00:09]} 26. Re2 {[%clk 01:08:14]} {[%emt 00:08:28]} Rb7 {[%clk 01:20:50]}
{[%emt 00:01:04]} 27. Rf1 {[%clk 01:07:33]} {[%emt 00:01:10]} Rfb8 {[%clk
01:20:43]} {[%emt 00:00:37]} 28. Rff2 {[%clk 01:07:56]} {[%emt 00:00:07]} bxc3
{[%clk 01:20:17]} {[%emt 00:00:56]} 29. bxc3 {[%clk 01:08:24]} {[%emt
00:00:02]} Qa5 {[%clk 01:19:41]} {[%emt 00:01:07]} 30. Qe3 {[%clk 01:08:19]}
{[%emt 00:00:35]} Rb3 {[%clk 01:19:02]} {[%emt 00:01:10]} 31. Rf3 {[%clk
01:07:08]} {[%emt 00:01:40]} Ra3 {[%clk 01:18:43]} {[%emt 00:00:49]} 32. h5
{[%clk 01:06:52]} {[%emt 00:00:46]} Be8 {[%clk 01:18:32]} {[%emt 00:00:41]} 33.
Bh3 {[%clk 01:04:18]} {[%emt 00:03:03]} Rbb3 {[%clk 01:17:09]} {[%emt
00:01:54]} 34. Rc2 {[%clk 01:04:47]} {[%emt 00:00:01]} Ra1+ {[%clk 01:16:06]}
{[%emt 00:01:33]} 35. Rf1 {[%clk 01:00:37]} {[%emt 00:04:38]} Rxf1+ {[%clk
01:16:02]} {[%emt 00:00:36]} 36. Bxf1 {[%clk 00:59:34]} {[%emt 00:01:32]} Qa3
{[%clk 01:14:34]} {[%emt 00:01:59]} 37. hxg6 {[%emt 00:00:20]} hxg6 {[%emt
00:01:18]} 38. Qd2 {[%clk 00:58:02]} {[%emt 00:00:23]} Qa1 {[%clk 01:11:35]}
{[%emt 00:03:30]} 39. Rc1 {[%clk 00:49:07]} {[%emt 00:09:25]} Rb1 {[%clk
01:04:56]} {[%emt 00:07:10]} 40. Rxb1 {[%clk 00:48:35]} {[%emt 00:01:01]} Qxb1
{[%clk 01:05:21]} {[%emt 00:00:05]} 41. Kf2 {[%clk 00:47:06]} {[%emt 00:01:58]}
Ba4 {[%clk 01:05:25]} {[%emt 00:00:27]} 42. Be2 {[%clk 00:42:38]} {[%emt
00:04:57]} Bc2 {[%clk 01:04:17]} {[%emt 00:01:39]} 43. Qe3 {[%clk 00:38:11]}
{[%emt 00:04:58]} Qh1 {[%clk 01:02:02]} {[%emt 00:02:44]} 44. Qf3 {[%clk
00:35:01]} {[%emt 00:03:39]} Qh2+ {[%clk 01:01:36]} {[%emt 00:00:56]} 45. Kf1
{[%clk 00:34:24]} {[%emt 00:01:07]} Be4 {[%clk 01:01:35]} {[%emt 00:00:32]} 46.
Qg4 {[%clk 00:32:06]} {[%emt 00:02:47]} Qh1+ {[%clk 01:01:26]} {[%emt
00:00:39]} 47. Kf2 {[%clk 00:32:35]} {[%emt 00:00:01]} Qc1 {[%clk 01:01:36]}
{[%emt 00:00:20]} 48. Qg3 {[%clk 00:32:48]} {[%emt 00:00:17]} Qc2 {[%clk
01:01:57]} {[%emt 00:00:10]} 49. Qe3 {[%clk 00:32:21]} {[%emt 00:00:57]} Bd3
{[%clk 01:01:50]} {[%emt 00:00:37]} 50. f5 {[%clk 00:30:00]} {[%emt 00:02:51]}
Bxe2 {[%clk 01:01:07]} {[%emt 00:01:12]} 51. Qxe2 {[%clk 00:30:03]} {[%emt
00:00:18]} Qxf5+ {[%clk 01:00:16]} {[%emt 00:01:31]} 52. Ke1 {[%clk 00:30:15]}
{[%emt 00:00:17]} Qxg5 {[%clk 01:00:40]} {[%emt 00:00:07]} 53. Qb2 {[%clk
00:30:21]} {[%emt 00:00:24]} Qg1+ {[%clk 01:00:57]} {[%emt 00:00:13]}  0-1

[Event "1st 4NCL Easter Congress"]
[Site "Stevenage"]
[Date "2019.04.22"]
[Round "6"]
[Board "1"]
[White "Miller, Dominic"]
[Black "Harvey, Marcus R"]
[Result "0-1"]
[WhiteElo "2164"]
[BlackElo "2402"]
[PlyCount "0"]
[EventDate "2019.04.19"]
[EventRounds "7"]
[EventCountry "ENG"]

1. e4 {[%clk 01:30:57]} {[%emt 00:00:02]} e6 {[%clk 01:17:51]} {[%emt
00:13:08]} 2. d4 {[%clk 01:31:11]} {[%emt 00:00:16]} d5 {[%clk 01:18:20]}
{[%emt 00:00:02]} 3. Nc3 {[%clk 01:31:26]} {[%emt 00:00:14]} Nf6 {[%clk
01:18:47]} {[%emt 00:00:04]} 4. e5 {[%clk 01:31:29]} {[%emt 00:00:26]} Nfd7
{[%clk 01:19:15]} {[%emt 00:00:03]} 5. f4 {[%clk 01:31:51]} {[%emt 00:00:07]}
c5 {[%clk 01:19:43]} {[%emt 00:00:03]} 6. Nf3 {[%clk 01:32:14]} {[%emt
00:00:06]} Nc6 {[%clk 01:20:11]} {[%emt 00:00:02]} 7. Be3 {[%clk 01:32:32]}
{[%emt 00:00:12]} a6 {[%clk 01:20:38]} {[%emt 00:00:04]} 8. Qd2 {[%clk
01:31:28]} {[%emt 00:01:32]} Be7 {[%clk 01:21:04]} {[%emt 00:00:05]} 9. dxc5
{[%clk 01:29:22]} {[%emt 00:02:37]} Nxc5 {[%clk 01:20:30]} {[%emt 00:01:04]} 10.
Qf2 {[%clk 01:26:06]} {[%emt 00:03:45]} Qa5 {[%clk 01:13:39]} {[%emt 00:07:22]}
11. O-O-O {[%clk 01:25:59]} {[%emt 00:00:35]} Ne4 {[%clk 01:13:09]} {[%emt
00:01:01]} 12. Nxe4 {[%clk 01:15:02]} {[%emt 00:11:27]} dxe4 {[%clk 01:13:30]}
{[%emt 00:00:09]} 13. Nd2 {[%clk 01:14:55]} {[%emt 00:00:36]} Qxa2 {[%clk
01:13:37]} {[%emt 00:00:24]} 14. Bc5 {[%clk 01:08:02]} {[%emt 00:07:23]} Qa1+
{[%clk 01:10:48]} {[%emt 00:03:19]} 15. Nb1 {[%clk 01:08:28]} {[%emt 00:00:04]}
Bd7 {[%clk 01:06:24]} {[%emt 00:04:54]} 16. Bxe7 {[%clk 01:04:16]} {[%emt
00:04:42]} Nxe7 {[%clk 01:06:30]} {[%emt 00:00:25]} 17. Qc5 {[%clk 01:04:41]}
{[%emt 00:00:05]} Rc8 {[%clk 01:06:22]} {[%emt 00:00:38]} 18. Qa3 {[%clk
01:05:05]} {[%emt 00:00:05]} Qxa3 {[%clk 01:06:38]} {[%emt 00:00:15]} 19. Nxa3
{[%clk 01:05:31]} {[%emt 00:00:04]} b5 {[%clk 01:03:10]} {[%emt 00:03:58]} 20.
g3 {[%clk 01:04:41]} {[%emt 00:01:19]} f5 {[%clk 01:01:04]} {[%emt 00:02:36]}
21. exf6 {[%clk 00:58:53]} {[%emt 00:06:18]} gxf6 {[%clk 01:01:22]} {[%emt
00:00:13]} 22. Bg2 {[%clk 00:59:16]} {[%emt 00:00:06]} f5 {[%clk 01:01:16]}
{[%emt 00:00:36]} 23. Rd6 {[%clk 00:59:05]} {[%emt 00:00:40]} Rc6 {[%clk
01:00:10]} {[%emt 00:01:37]} 24. Rhd1 {[%clk 00:59:29]} {[%emt 00:00:06]} Nd5
{[%clk 01:00:22]} {[%emt 00:00:19]} 25. Rxc6 {[%clk 00:58:33]} {[%emt
00:01:26]} Bxc6 {[%clk 01:00:46]} {[%emt 00:00:06]}  0-1

[Event "1st 4NCL Easter Congress"]
[Site "Stevenage"]
[Date "2019.04.22"]
[Round "6"]
[Board "2"]
[White "Hebden, Mark L"]
[Black "Wells, Peter K"]
[Result "1-0"]
[WhiteElo "2420"]
[BlackElo "2416"]
[PlyCount "0"]
[EventDate "2019.04.19"]
[EventRounds "7"]
[EventCountry "ENG"]

1. d4 {[%clk 01:30:57]} {[%emt 00:00:01]} Nf6 {[%clk 01:20:36]} {[%emt
00:10:25]} 2. Nf3 {[%clk 01:30:15]} {[%emt 00:01:12]} d5 {[%clk 01:20:56]}
{[%emt 00:00:10]} 3. c4 {[%clk 01:30:35]} {[%emt 00:00:10]} e6 {[%clk
01:21:22]} {[%emt 00:00:04]} 4. Bg5 {[%clk 01:28:47]} {[%emt 00:02:17]} Bb4+
{[%clk 01:21:12]} {[%emt 00:00:40]} 5. Nc3 {[%clk 01:28:55]} {[%emt 00:00:23]}
dxc4 {[%clk 01:21:13]} {[%emt 00:00:29]} 6. e4 {[%clk 01:29:02]} {[%emt
00:00:23]} c5 {[%clk 01:20:45]} {[%emt 00:00:58]} 7. Bxc4 {[%clk 01:29:10]}
{[%emt 00:00:22]} cxd4 {[%clk 01:21:04]} {[%emt 00:00:11]} 8. Nxd4 {[%clk
01:29:29]} {[%emt 00:00:10]} Bxc3+ {[%clk 01:17:30]} {[%emt 00:04:05]} 9. bxc3
{[%clk 01:29:51]} {[%emt 00:00:08]} Qa5 {[%clk 01:17:54]} {[%emt 00:00:06]} 10.
Bxf6 {[%clk 01:30:14]} {[%emt 00:00:07]} Qxc3+ {[%clk 01:17:28]} {[%emt
00:00:56]} 11. Kf1 {[%clk 01:30:38]} {[%emt 00:00:06]} gxf6 {[%clk 01:17:50]}
{[%emt 00:00:08]} 12. Rc1 {[%clk 01:31:02]} {[%emt 00:00:07]} Qa5 {[%clk
01:14:52]} {[%emt 00:03:28]} 13. h4 {[%clk 01:29:36]} {[%emt 00:01:54]} Ke7
{[%clk 01:11:02]} {[%emt 00:04:21]} 14. Rh3 {[%clk 01:29:21]} {[%emt 00:00:45]}
Rd8 {[%clk 01:09:03]} {[%emt 00:02:28]} 15. Re3 {[%clk 01:27:21]} {[%emt
00:02:29]} Nc6 {[%clk 01:04:07]} {[%emt 00:05:27]} 16. Nf5+ {[%clk 01:16:53]}
{[%emt 00:10:58]} exf5 {[%clk 00:56:09]} {[%emt 00:08:28]} 17. exf5+ {[%emt
00:39:11]} Be6 {[%clk 00:23:38]} 18. Qb3 {[%clk 01:06:29]} {[%emt 00:05:15]} b5
{[%clk 00:16:59]} {[%emt 00:07:09]} 19. Bxe6 {[%clk 01:00:06]} {[%emt
00:06:52]} Nd4 {[%clk 00:17:03]} {[%emt 00:00:27]} 20. Bd7+ {[%clk 01:00:22]}
{[%emt 00:00:14]} Kf8 {[%clk 00:14:32]} {[%emt 00:03:00]} 21. Qd5 {[%clk
01:00:36]} {[%emt 00:00:16]} Qb6 {[%clk 00:10:14]} {[%emt 00:04:48]} 22. Re4
{[%clk 00:59:40]} {[%emt 00:01:26]}  1-0

[Event "1st 4NCL Easter Congress"]
[Site "Stevenage"]
[Date "2019.04.22"]
[Round "6"]
[Board "3"]
[White "Merriman, John"]
[Black "Gormally, Daniel W"]
[Result "0-1"]
[WhiteElo "2238"]
[BlackElo "2509"]
[PlyCount "0"]
[EventDate "2019.04.19"]
[EventRounds "7"]
[EventCountry "ENG"]

1. d4 {[%clk 01:29:09]} {[%emt 00:01:50]} d5 {[%clk 01:30:52]} {[%emt
00:00:08]} 2. c4 {[%clk 01:29:22]} {[%emt 00:00:18]} c6 {[%clk 01:31:16]}
{[%emt 00:00:05]} 3. Nc3 {[%clk 01:29:46]} {[%emt 00:00:06]} Nf6 {[%clk
01:31:39]} {[%emt 00:00:07]} 4. e3 {[%clk 01:30:04]} {[%emt 00:00:13]} a6
{[%clk 01:32:02]} {[%emt 00:00:06]} 5. Qc2 {[%clk 01:29:46]} {[%emt 00:00:48]}
g6 {[%clk 01:27:37]} {[%emt 00:04:54]} 6. Nf3 {[%clk 01:24:32]} {[%emt
00:05:45]} Bg7 {[%clk 01:27:50]} {[%emt 00:00:17]} 7. b3 {[%clk 01:23:35]}
{[%emt 00:01:28]} O-O {[%clk 01:26:20]} {[%emt 00:02:00]} 8. Bb2 {[%clk
01:17:24]} {[%emt 00:06:41]} b5 {[%clk 01:17:28]} {[%emt 00:09:22]} 9. Bd3
{[%clk 01:12:29]} {[%emt 00:05:24]} Nbd7 {[%clk 01:14:53]} {[%emt 00:03:05]} 10.
O-O {[%clk 01:07:58]} {[%emt 00:05:01]} Bb7 {[%clk 01:15:20]} {[%emt 00:00:04]}
11. e4 {[%clk 01:00:31]} {[%emt 00:07:56]} dxc4 {[%clk 01:04:44]} {[%emt
00:11:05]} 12. bxc4 {[%clk 01:00:27]} {[%emt 00:00:35]} e5 {[%clk 01:02:03]}
{[%emt 00:03:12]} 13. d5 {[%clk 00:45:53]} {[%emt 00:15:04]} cxd5 {[%clk
00:57:08]} {[%emt 00:05:24]} 14. cxd5 {[%clk 00:44:38]} {[%emt 00:01:46]} Rc8
{[%clk 00:57:32]} {[%emt 00:00:06]} 15. Qd2 {[%clk 00:42:14]} {[%emt 00:02:53]}
Nc5 {[%clk 00:56:17]} {[%emt 00:01:46]} 16. Rfe1 {[%clk 00:37:45]} {[%emt
00:04:59]} b4 {[%clk 00:54:45]} {[%emt 00:02:01]} 17. Nd1 {[%clk 00:35:57]}
{[%emt 00:02:18]} Bxd5 {[%clk 00:51:12]} {[%emt 00:04:04]} 18. exd5 {[%clk
00:30:14]} {[%emt 00:06:12]} e4 {[%clk 00:51:00]} {[%emt 00:00:42]} 19. Bxa6
{[%clk 00:26:43]} {[%emt 00:04:01]} Nxa6 {[%clk 00:49:54]} {[%emt 00:01:36]} 20.
Ng5 {[%clk 00:25:32]} {[%emt 00:01:40]} Nc5 {[%clk 00:48:34]} {[%emt 00:01:51]}
21. Rb1 {[%clk 00:19:57]} {[%emt 00:06:05]} Re8 {[%clk 00:40:36]} {[%emt
00:08:28]} 22. Ne3 {[%clk 00:16:54]} {[%emt 00:03:33]} Nd3 {[%clk 00:37:33]}
{[%emt 00:03:33]} 23. Bxf6 {[%clk 00:13:32]} {[%emt 00:03:51]} Bxf6 {[%clk
00:37:06]} {[%emt 00:00:58]} 24. Nxe4 {[%clk 00:13:50]} {[%emt 00:00:11]} Nxe1
{[%clk 00:37:06]} {[%emt 00:00:31]} 25. Nxf6+ {[%clk 00:13:26]} {[%emt
00:00:54]} Qxf6 {[%clk 00:37:31]} {[%emt 00:00:05]} 26. Rxe1 {[%clk 00:11:09]}
{[%emt 00:02:47]} Qc3 {[%clk 00:35:12]} {[%emt 00:02:49]} 27. Qd1 {[%clk
00:09:06]} {[%emt 00:02:34]} Rc4 {[%clk 00:28:50]} {[%emt 00:06:52]} 28. Qb1
{[%clk 00:07:31]} {[%emt 00:02:05]} Rd4 {[%clk 00:27:57]} {[%emt 00:01:23]} 29.
Rc1 {[%clk 00:06:55]} {[%emt 00:01:06]} Qd3 {[%clk 00:27:07]} {[%emt 00:01:20]}
30. Qxd3 {[%clk 00:04:37]} {[%emt 00:02:48]} Rxd3 {[%clk 00:27:31]} {[%emt
00:00:06]} 31. Rb1 {[%clk 00:04:32]} {[%emt 00:00:34]} Rd2 {[%clk 00:27:07]}
{[%emt 00:00:54]} 32. g3 {[%clk 00:04:32]} {[%emt 00:00:30]} Rb8 {[%clk
00:27:02]} {[%emt 00:00:35]} 33. a3 {[%clk 00:03:56]} {[%emt 00:01:06]} b3
{[%clk 00:27:04]} {[%emt 00:00:27]} 34. Kg2 {[%clk 00:03:34]} {[%emt 00:00:52]}
b2 {[%clk 00:25:53]} {[%emt 00:01:41]} 35. Kf1 {[%clk 00:02:31]} {[%emt
00:01:33]} Kf8 {[%clk 00:20:35]} {[%emt 00:05:48]} 36. Ke1 {[%clk 00:03:00]}
{[%emt 00:00:02]} Rd4 {[%clk 00:20:56]} {[%emt 00:00:08]} 37. Ke2 {[%clk
00:03:08]} {[%emt 00:00:21]} Rb3 {[%clk 00:19:14]} {[%emt 00:02:12]} 38. Nd1
{[%clk 00:02:44]} {[%emt 00:00:53]} Rbd3 {[%clk 00:17:33]} {[%emt 00:02:11]} 39.
Ne3 {[%clk 00:01:31]} {[%emt 00:01:44]} Rd2+ {[%clk 00:17:50]} {[%emt
00:00:13]} 40. Ke1 {[%clk 00:01:56]} {[%emt 00:00:05]} f5 {[%clk 00:17:49]}
{[%emt 00:00:31]} 41. a4 {[%clk 00:01:20]} {[%emt 00:01:06]} g5 {[%clk
00:18:14]} {[%emt 00:00:04]} 42. Nxf5 {[%clk 00:01:11]} {[%emt 00:00:40]} Rd1+
{[%clk 00:18:22]} {[%emt 00:00:22]}  0-1